नव भारती (Record no. 122369)

MARC details
000 -LEADER
fixed length control field 00492nam a2200157Ia 4500
008 - FIXED-LENGTH DATA ELEMENTS--GENERAL INFORMATION
fixed length control field 230917s9999||||xx |||||||||||||| ||und||
040 ## - CATALOGING SOURCE
-- 176700
Original cataloging agency VIVEKANANDA LIBRARY
041 ## - Language
-- English
082 ## - DDC NUMBER
Classification number 891.431731 MI261P
100 ## - MAIN ENTRY--PERSONAL NAME
Personal name मदान,इन्द्रनाथ, सम्पा.
245 #0 - TITLE STATEMENT
Title नव भारती
250 ## - EDITION STATEMENT
Edition statement 4 संस्करण ed.
260 ## - PUBLICATION, DISTRIBUTION, ETC. (IMPRINT)
Place of publication, distribution, etc चण्डीगढ़
Name of publisher, distributor, etc पब्लिकेशन ब्यूरो
Date of publication, distribution, etc 1973
300 ## - PHYSICAL DESCRIPTION
Pages 272 p.
942 ## - ADDED ENTRY ELEMENTS (KOHA)
Koha item type Hindi Books
Holdings
Withdrawn status Lost status Damaged status Not for loan Location (home branch) Sublocation or collection (holding branch) Date acquired Koha issues (times borrowed) Koha full call number Accession No. Koha date last seen Koha item type
        VIVEKANANDA LIBRARY VIVEKANANDA LIBRARY 06/01/2011   891.431731 MI261P 21691 17/09/2023 Hindi Books
© Designed and Maintained by Vivekananda Library, MDU Rohtak